| 000 | 00356 a2200133 4500 | ||
|---|---|---|---|
| 999 |
_c5425 _d5425 |
||
| 020 | _a8126103809 | ||
| 050 | _aLC5800HIG2000 | ||
| 245 |
_aHigher and distance education / _cedited by S.Venkataiah |
||
| 264 |
_aNew Delhi: _bAnmol, _c2000 |
||
| 300 | _a274p. : | ||
| 500 | _aincludes index | ||
| 650 | _a Distance education. | ||
| 942 |
_2lcc _cBK _h5800 _iHIG _k2000 |
||